Statistics for One Direction Facts

Click here to take the quiz!

General Stats

  • This quiz has been taken 1,440 times
  • The average score is 9 of 11

Answer Stats

HintAnswer% Correct
The youngest memberHarry
100%
Has four nipplesHarry
100%
The romantic oneHarry
100%
Fear of spoonsLiam
100%
Is engaged to a modelLiam
100%
The "sweetheart"Liam
100%
The onlly band member thats not britishNial
100%
The shy oneNial
100%
The goofy oneLouis
99%
The closest bond in the bandLouis and Harry
39%
Favorite sport is soccerZayne
13%

Score Distribution

Percentile by Number Answered

Percent of People with Each Score

Your Score History

You have not taken this quiz